Fußball WM 2026 - Alle Teilnehmer - Statistiken

Allgemein
  • Dieses Quiz wurde 147 mal gespielt
    9 seit der letzten Aktualisierung
  • Das Durchschnittsergebnis liegt bei 31 aus 48
Antwortstatistiken
Teilnehmer % Korrekt
Argentinien
100%
Brasilien
100%
Deutschland
100%
Frankreich
100%
Uruguay
100%
USA
100%
Belgien
83%
Bosnien*
83%
Curacao
83%
Elfenbeinküste
83%
Haiti
83%
Kanada
83%
Kolumbien
83%
Mexiko
83%
Niederlande
83%
Norwegen
83%
Panama
83%
Schweden
83%
Türkei
83%
Australien
67%
DR Kongo
67%
Ecuador
67%
Ghana
67%
Japan
67%
Österreich
67%
Paraguay
67%
Portugal
67%
Schweiz
67%
Spanien
67%
Südkorea
67%
Ägypten
50%
England
50%
Irak
50%
Katar
50%
Marokko
50%
Neuseeland
50%
Saudi Arabien
50%
Tunesien
50%
Usbekistan
50%
Algerien
33%
Iran
33%
Jordanien
33%
Kap Verde
33%
Schottland
33%
Senegal
33%
Südafrika
33%
Kroatien
17%
Tschechien
17%
Keine übereinstimmenden Quizze gefunden
Verteilung der Resultate
Anzahl Personen mit jedem Resultat
Perzentil nach korrekt beantworteten Fragen
Ihre Resultats-Entwicklung
Sie haben dieses Quiz seit der letzten Aktualisierung nicht gespielt